| 000 | 00644nam a2200241Ia 4500 | ||
|---|---|---|---|
| 003 | OSt | ||
| 005 | 20221005083956.0 | ||
| 006 | a|||||r|||| 00| 0 | ||
| 007 | ta | ||
| 008 | 221004b |||||||| |||| 00| 0 eng d | ||
| 024 | _a74570 | ||
| 037 | _cTextual | ||
| 040 |
_aCRL _cCRL _beng |
||
| 041 |
_2eng _aeng |
||
| 082 | _aO111973v, N0 | ||
| 100 | _aBurns James MacGregor | ||
| 245 | 0 | _aCrosswinds of freedom | |
| 260 |
_aNew India _bAsian Books Pvt. Ltd. India _c1990 |
||
| 300 |
_a864p. _ccm. |
||
| 650 | _aENGLISH LITERATURE | ||
| 942 |
_hO111973v, N0 _cTEXL _2cc |
||
| 999 |
_c991859 _d991859 |
||